📖150 premiers mots "Tentation" (Twilight T.2) N°2 Chapitre 1 S. Meyer - Statistiques

Statistiques générales
  • Ce quiz a Ă©tĂ© pris 94 fois
  • Le rĂ©sultat moyen est 57 sur 150
Statistiques - réponses
Mots % Correct
l'
96%
Ă 
94%
J'
93%
j'
93%
Marie.
93%
s'
85%
d'
81%
La
81%
le
81%
me
78%
et
76%
je
76%
ma
76%
n'
74%
de
71%
Forks,
71%
mère,
65%
mère
65%
elle
62%
Les
62%
les
62%
étais
60%
ne
59%
on
59%
pour
59%
en
57%
pas
57%
pas ...
57%
un
57%
une
56%
dans
53%
par
51%
avais
49%
que
49%
son
47%
grand-
44%
Grand-
44%
avait
41%
peau
41%
plus
41%
était
40%
Washington ;
37%
état
31%
ville
29%
sous
28%
ci
25%
ans,
24%
ans -
24%
dix-
24%
non
24%
Comme
22%
quatre-
22%
celle-
21%
dont
21%
neuf
21%
peut
21%
soleil
21%
vingt-
21%
Vu
21%
cent
18%
mĂŞme
18%
neuf
18%
Nos
18%
six
18%
cheveux
16%
sûre
16%
morte
15%
rayon
13%
virgule
13%
visage
13%
celui
10%
rides
10%
sec
10%
adoption,
9%
guère
9%
regardais
9%
ressemblait
9%
rĂŞver.
9%
changé,
7%
depuis
7%
souvenir.
7%
beaux
6%
blancs.
6%
douce
6%
humide
6%
lumière
6%
sourire
6%
certitude ?
4%
deuxièmement,
4%
flétrie,
4%
genre
4%
lèvres -
4%
Premièrement,
4%
raisons
4%
siennes,
4%
surpris.
4%
tenais
4%
touffe
4%
abricot
3%
connaît
3%
dizaines
3%
éclatant,
3%
fines
3%
image
3%
lesquelles
3%
plissée
3%
Apparemment,
1%
aveuglante
1%
conservé
1%
demi-
1%
étirèrent
1%
étrécies
1%
irréalité
1%
ossature.
1%
saillait
1%
surmonté
1%
tangible.
1%
vaporeuse
1%
Aucun quiz correspondant
Distribution des résultats
% des personnes avec chaque résultat
Percentile par nombre de réponses
Votre historique - résultats
Vous n’avez pas pris ce quiz